Strategies for career-long teacher education

Αποθηκεύτηκε σε:
Λεπτομέρειες βιβλιογραφικής εγγραφής
Άλλοι συγγραφείς: McIntyre, D. John (Επιμελητής έκδοσης), Byrd, David M. (Επιμελητής έκδοσης)
Μορφή: Βιβλίο
Γλώσσα:English
Δημοσίευση: Thousand Oaks, California : Corwin Press, 1998
Σειρά:Teacher education yearbook ; ; 6
Θέματα:
Ετικέτες: Προσθήκη ετικέτας
Δεν υπάρχουν, Καταχωρήστε ετικέτα πρώτοι!

MARC

LEADER 00000nam a2200000 i 4500
001 1/96375
008 991215s1998 eng d
020 |a 0-8039-6674-1 (pbk.) 
035 |l 10055737 
040 |a GR-MY-UA  |b gre  |e aacr 
041 0 |a eng 
082 0 |a 371.1973 
245 1 0 |a Strategies for career-long teacher education /  |c editors D.John McIntyre, David M.Byrd 
260 |a Thousand Oaks, California :   |b Corwin Press,   |c 1998 
300 |a 246 p. 
490 1 |a Teacher education yearbook  |v ; 6 
650 0 0 |a Teachers  |x In-service training  |z United States. 
650 0 0 |a Teachers  |x Training of  |z United States. 
650 0 0 |a Continuing education. 
700 1 |a McIntyre, D. John.  |4 edt 
700 1 |a Byrd, David M.  |4 edt 
830 0 |a Teacher education yearbook ;  |v ; 6 
852 |a INST  |b RHODES  |e 19991215  |h 371.1973 STR  |p 005400012295  |q 005400012295  |t BK  |y 0 
901 |a BIBL4-2000-1 
909 |a Ρ  |b 069139 
922 |a 4ΕΛΗ  |b 199909  |c ΚΠΣ/154  |d GLORY BOOKS 
970 |a ΚΟΥΛΑΚΙΟΤΗ  |b ΛΙΤΣΑ  |z 2000/01/12